NBA teams most recent championship - Statistics

General Stats
  • This quiz has been taken 55 times
  • The average score is 24 of 30
Answer Stats
Hint Answer % Correct
Boston Celtics 2024
96%
Chicago Bulls 1998
89%
Miami Heat 2013
89%
Cleveland Cavaliers 2016
89%
Los Angeles Lakers 2020
89%
Milwaukee Bucks 2021
89%
Golden State Warriors 2022
89%
Denver Nuggets 2023
89%
Houston Rockets 1995
87%
Detroit Pistons 2004
87%
Dallas Mavericks 2011
87%
San Antonio Spurs 2014
87%
Toronto Raptors 2019
87%
Charlotte Hornets never
80%
Indiana Pacers never
80%
Los Angeles Clippers never
80%
Minnesota Timberwolves never
80%
New Orleans Pelicans never
80%
Brooklyn Nets never
78%
Memphis Grizzlies never
78%
Pheonix Suns never
78%
New York Knicks 1973
74%
Utah Jazz never
74%
Atlanta Hawks 1958
72%
Portland Trail Blazers 1977
72%
Orlando Magic never
72%
Philadelphia 76ers 1983
70%
OKC Thunder 1979
65%
Washington Wizards 1978
61%
Sacramento Kings 1951
52%
No matching quizzes found
Score Distribution
Percent of People with Each Score
Percentile by Number Answered
Your Score History
You have not taken this quiz